Parecía de seda / Mercè Rodoreda ; traducción de Clara Janés ; edición y prólogo de Marta Pessarrodona
Descripción Física:
233 p. ; 22 cm
Colección:
Marca Hispánica
Materias:
Contes catalans -- S. XX
MARC
| LEADER | 00000nam a2200000Ia 4500 | ||
|---|---|---|---|
| 001 | 1925 | ||
| 008 | 160829s1985 xx 000 0 cat d | ||
| 080 | |a L-1-74 | ||
| 100 | 1 | |a Rodoreda, Mercè, |d 1908-1983 |9 28216 | |
| 245 | |a Parecía de seda / Mercè Rodoreda ; traducción de Clara Janés ; edición y prólogo de Marta Pessarrodona | ||
| 260 | |a Barcelona : |b Edicions del Mall, |c 1985 | ||
| 300 | |a 233 p. ; |c 22 cm | ||
| 490 | |a Marca Hispánica | ||
| 590 | |a Edició bilingüe: català-castellà. | ||
| 590 | |a Títol original: Semblava de seda | ||
| 650 | |a Contes catalans |x S. XX |9 27909 | ||
| 700 | 1 | |a Janés, Clara |9 28217 | |
| 700 | |a Pessarrodona, Marta, ed. i pr. |9 28218 | ||
| 901 | |a Arxiu | ||
| 942 | |n 1 | ||
| 952 | |0 0 |1 0 |4 0 |6 L174 |7 1 |9 44725 |a Arxiu |b Arxiu |d 2016-12-01 |l 0 |o L-1-74 |p 1925 |r 2016-12-01 00:00:00 |w 2016-12-01 |y ARXIU | ||
| 999 | |c 47307 |d 47307 | ||